Géographie: Le jeu des frontières - Statistiques

Statistiques générales
  • Ce quiz a été pris 1 939 fois
  • Le résultat moyen est 43 sur 64
Statistiques - réponses
Question Tuile Select % Correct
entre l'Allemagne et l'Algérie Irlande Non
99%
entre l'Allemagne et l'Algérie Égypte Non
98%
entre l'Allemagne et l'Algérie Luxembourg Non
98%
entre l'Allemagne et l'Algérie Pays-Bas Non
97%
entre l'Allemagne et l'Algérie Portugal Non
96%
entre l'Allemagne et l'Algérie Tunisie Non
94%
entre l'Allemagne et l'Algérie Belgique Non
93%
entre l'Allemagne et l'Algérie Italie Non
89%
entre l'Allemagne et l'Algérie France Oui
88%
entre l'Allemagne et l'Algérie Suisse Non
88%
entre l'Allemagne et l'Algérie Andorre Non
87%
entre l'Allemagne et l'Algérie Algérie Oui
86%
entre l'Ukraine et l'Iran Croatie Non
84%
entre l'Ukraine et l'Iran Serbie Non
81%
entre l'Ukraine et l'Iran Ouzbékistan Non
80%
entre le Canada et la France Belize Non
78%
entre le Canada et la France Cuba Non
78%
entre le Canada et la France Haïti Non
78%
entre la Chine et la Turquie Corée du Nord Non
75%
entre le Canada et la France Équateur Non
75%
entre la Chine et la Turquie Laos Non
75%
entre la Chine et la Turquie Viêt Nam Non
75%
entre la Chine et la Turquie Arabie saoudite Non
74%
entre l'Ukraine et l'Iran Arménie Non
74%
entre l'Ukraine et l'Iran Bulgarie Non
74%
entre l'Ukraine et l'Iran Turkménistan Non
74%
entre la Chine et la Turquie Jordanie Non
73%
entre la Chine et la Turquie Azerbaïdjan Non
72%
entre l'Ukraine et l'Iran Iran Oui
71%
entre l'Ukraine et l'Iran Kazakhstan Non
71%
entre l'Ukraine et l'Iran Syrie Non
71%
entre le Canada et la France Salvador Non
70%
entre le Canada et la France France Oui
69%
entre l'Ukraine et l'Iran Géorgie Non
69%
entre l'Allemagne et l'Algérie bateau Oui
69%
entre la Chine et la Turquie Syrie Non
69%
entre l'Ukraine et l'Iran Roumanie Non
68%
entre la Chine et la Turquie Turquie Oui
67%
entre l'Allemagne et l'Algérie Espagne Oui
65%
entre le Canada et la France États-Unis Oui
61%
entre la Chine et la Turquie Syrie Non
61%
entre la Chine et la Turquie Afghanistan Non
60%
entre l'Ukraine et l'Iran Irak Non
60%
entre le Canada et la France Canada Oui
59%
entre la Chine et la Turquie Chine Oui
59%
entre l'Allemagne et l'Algérie Allemagne Oui
57%
entre l'Allemagne et l'Algérie Maroc Non
57%
entre le Canada et la France Mexique Oui
56%
entre l'Ukraine et l'Iran Ukraine Oui
55%
entre l'Ukraine et l'Iran Russie Oui
55%
entre l'Ukraine et l'Iran Turquie Non
54%
entre la Chine et la Turquie Inde Non
50%
entre la Chine et la Turquie avion Non
47%
entre le Canada et la France Panama Oui
47%
entre le Canada et la France Brésil Oui
46%
entre le Canada et la France Colombie Oui
44%
entre le Canada et la France Guatemala Oui
43%
entre le Canada et la France Costa Rica Oui
42%
entre la Chine et la Turquie Iran Oui
38%
entre la Chine et la Turquie Pakistan Oui
38%
entre le Canada et la France Nicaragua Oui
36%
entre le Canada et la France Honduras Oui
34%
entre l'Ukraine et l'Iran Azerbaïdjan Oui
33%
entre la Chine et la Turquie Irak Oui
29%
Aucun quiz correspondant
Distribution des résultats
% des personnes avec chaque résultat
Percentile par nombre de réponses
Votre historique - résultats
Vous n’avez pas pris ce quiz